Datum a čas kvízu
35.5
Celkem bodů
Celkový počet nahraných bodů na tomto kvízu bez doplňovacích otázek.
4.
Pořadí na kvízu
Konečné umístění týmu na tomto kvízu.
Zaznamenané odpovědi
| # | Otázka | Odpověď | Body | Výsledky |
|---|---|---|---|---|
| 1. | Jak se nazývá americká společn... | Westinghouse | 1 | |
| 2. | Na jihokorejských sociálních s... | párátka | 1 | |
| 3. | Cenu Czech Press Photo za rok... | D) v budově soudu | 1 | |
| 4. | Minulý týden byl spuštěn elekt... | DiPSy | 1 | |
| 5. | Jak se jmenuje 38letý český cy... | Zdeněk Štybar | 1 | |
| 6. | Ve třetím díle cestovatelského... | z Janských Lázní | 0 | |
| 7. | Přejdeme k písmenu K. Který z... | B | 0 | |
| 8. | Ve kterém americkém městě může... | v Los Angeles | 1 | |
| 9. | S písmenem M se vracíme do Čes... | v Mníšku pod Brdy | 0 | |
| 10. | Ve kterém století byl vybudová... | v 19. století | 1 |